000 00476nam a2200169Ia 4500
999 _c12103
_d12103
003 OSt
005 20201022110451.0
008 190216s9999||||xx |||||||||||||| ||und||
040 _coclc
082 _a809.3
_bJAM/S
100 _aJames, Henry
_95755
245 0 _aSelected Literary Criticism /
_cHenry James
260 _bPenguin Books,
_aLondon:
_c1963.
300 _a400p
650 _aEnglish Stories
942 _cBK
_2ddc
_h809.3
_iJAM/S
_k809.3
_mJAM/S